000 00461nam a2200181 a 4500
001 4266
003 CO-ViMGA
008 141112s2004 ck r 000 u spa d
040 _aCO-ViMGA
_bspa
_cCO-ViMGA
082 0 4 _a617.09 A551
100 1 _aAllaines, Claude D
_954823
245 1 0 _aHistoria de la cirugĂ­a
260 _aBarcelona :
_bOikos - tau,
_c1971
300 _a127 p
490 _aQue se, 26
650 1 4 _aCIRUGIA - HISTORIA
_954824
942 _2ddc
_cBK
999 _c16280
_d16280